[Event "Merry Christmas 2011"]
[Site "SchemingMind.com"]
[Date "2011.12.19"]
[Round "-"]
[White "John Galvin"]
[Black "ramesse"]
[Result "1-0"]
[WhiteCountry "USA"]
[BlackCountry "SVK"]
[WhiteElo "2250"]
[WhiteRD "62"]
[BlackElo "2305"]
[BlackRD "61"]
[GameID "299444"]

1. e4 e5 2. Nf3 Nc6 3. Nc3 Nf6 4. Bb5 Nd4 5. Bc4 Bc5 6. Nxe5 Qe7 7. Nxf7 Rf8 8. O-O b5 9. Nxb5 Nxb5 10. c3 Nd6
11. Nxd6+ Bxd6 12. Re1 Qe5 13. g3 Be7 14. d4 Qh5 15. Qxh5+ Nxh5 16. e5 Bb7 17. Bd3 g5 18. Bxh7 O-O-O 19. Be4 Ng7 20. b4 Bxe4
21. Rxe4 Nf5 22. Bd2 d5 23. exd6 Rxd6 24. Re5 Bd8 25. Ra5 Re6 26. Re1 Rxe1+ 27. Bxe1 Kb7 28. Bd2 c6 29. Rc5 g4 30. Bf4 Rf7
31. b5 cxb5 32. Rxb5+ Bb6 33. Re5 Kc6 34. Kf1 Nh4 35. Rh5 Nf3 36. h4 gxh3 37. Ke2 Ng1+ 38. Kd3 Kb7 39. Be3
1-0

[Event "Merry Christmas 2011"]
[Site "SchemingMind.com"]
[Date "2011.12.19"]
[Round "-"]
[White "ramesse"]
[Black "John Galvin"]
[Result "1-0"]
[WhiteCountry "SVK"]
[BlackCountry "USA"]
[WhiteElo "2336"]
[WhiteRD "65"]
[BlackElo "2311"]
[BlackRD "57"]
[GameID "299445"]

1. e4 c5 2. Nf3 e6 3. d4 cxd4 4. Nxd4 Nc6 5. Nc3 Nf6 6. Ndb5 d6 7. Bf4 e5 8. Bg5 a6 9. Na3 b5 10. Bxf6 gxf6
11. Nd5 Be6 12. c3 Bg7 13. Nc2 O-O 14. Nce3 Bh6 15. Nf5 Bxf5 16. exf5 Bg7 17. Bd3 Ne7 18. Be4 Rc8 19. O-O Rc5 20. Qf3 Nxd5
21. Bxd5 Qd7 22. Rfe1 Kh8 23. Rad1 Rg8 24. Qh5 Rc7 25. Re4 Bf8 26. Rh4 h6 27. Rg4 Rxg4 28. Qxg4 Bg7 29. Qh5 Qe8 30. a3 Kg8
31. Rd3 Qf8 32. Rg3 Kh7 33. Qf3 Qc8 34. a4 Qe8 35. a5 Qb8 36. h3 Qc8 37. b3 Ra7 38. c4 b4 39. Qe3 Qc5 40. Qe2 Qc8
41. Qd2 Qc5 42. Rg4 Re7 43. Qd3 Bh8 44. Re4 Qa7 45. Re3 Bg7 46. Qd2 Qc5 47. Qa2 Qd4 48. Qb1 Rc7 49. Rd3 Qa7 50. Qe1 Qc5
51. Qd1 Rd7 52. Qh5 Qxa5 53. Bxf7
1-0

[Event "Merry Christmas 2011"]
[Site "SchemingMind.com"]
[Date "2011.12.20"]
[Round "-"]
[White "NYNH"]
[Black "ramesse"]
[Result "0-1"]
[WhiteCountry "USA"]
[BlackCountry "SVK"]
[WhiteElo "2043"]
[WhiteRD "63"]
[BlackElo "2305"]
[BlackRD "61"]
[GameID "299495"]

1. d4 d5 2. c4 c6 3. cxd5 cxd5 4. Nc3 Nf6 5. Nf3 Nc6 6. Bf4 Bf5 7. Rc1 a6 8. e3 Rc8 9. Be2 e6 10. O-O Bd6
11. Bxd6 Qxd6 12. Na4 O-O 13. Nc5 Rc7 14. a3 h6 15. b4 Bg4 16. Qa4 Nb8 17. Qd1 b6 18. Nxa6 Nxa6 19. Bxa6 Ra8 20. b5 Raa7
21. Qb3 Ne4 22. Qb2 Bxf3 23. gxf3 Ng5 24. Kg2 Rc4 25. Rxc4 dxc4 26. e4 Qf4 27. Qc3 Qh4 28. f4 Nxe4 29. Qe3 Nd6 30. d5 Nf5
31. Qf3 Qd8 32. Kg1 Nd4 33. Qe4 Qxd5 34. f3 c3 35. Kf2 Qa2+ 36. Kg1 Qd2 37. Rf2 Qd1+ 38. Rf1 c2 39. Qe3 Rd7 40. a4 Nxf3+
0-1

[Event "Merry Christmas 2011"]
[Site "SchemingMind.com"]
[Date "2011.12.20"]
[Round "-"]
[White "NYNH"]
[Black "John Galvin"]
[Result "0-1"]
[WhiteCountry "USA"]
[BlackCountry "USA"]
[WhiteElo "2043"]
[WhiteRD "63"]
[BlackElo "2250"]
[BlackRD "62"]
[GameID "299496"]

1. d4 Nf6 2. c4 g6 3. Nc3 d5 4. cxd5 Nxd5 5. e4 Nxc3 6. bxc3 Bg7 7. Bc4 O-O 8. Ne2 c5 9. O-O Nc6 10. Be3 Na5
11. Bd3 b6 12. Qd2 Qc7 13. Rac1 Rd8 14. f4 Qd6 15. e5 Qd7 16. Ng3 Bb7 17. Qf2 Rac8 18. f5 cxd4 19. cxd4 Rxc1 20. Rxc1 Bxe5
21. fxg6 fxg6 22. Bxg6 hxg6 23. dxe5 Nc6 24. Qf4 Qe6 25. Re1 Nxe5 26. Bf2 Qc6 27. Ne4 Nd3
0-1

[Event "Merry Christmas 2011"]
[Site "SchemingMind.com"]
[Date "2011.12.20"]
[Round "-"]
[White "ramesse"]
[Black "NYNH"]
[Result "1-0"]
[WhiteCountry "SVK"]
[BlackCountry "USA"]
[WhiteElo "2305"]
[WhiteRD "61"]
[BlackElo "2043"]
[BlackRD "63"]
[GameID "299497"]

1. e4 e6 2. d4 d5 3. Nc3 Nf6 4. e5 Nfd7 5. f4 c5 6. Nf3 Nc6 7. Be3 Qa5 8. a3 c4 9. Be2 b5 10. O-O Qb6
11. f5 Ndxe5 12. fxe6 Bxe6 13. Ng5 Be7 14. Nxe6 fxe6 15. Bg4 Nxg4 16. Qxg4 b4 17. axb4 Nxb4 18. Qxg7 Kd7 19. Rf7 Nc6 20. Na4 Qd8
21. Nc5+ Kc8 22. Ra6 Nb4 23. Rxe7 Nxa6 24. Nxa6
1-0

[Event "Merry Christmas 2011"]
[Site "SchemingMind.com"]
[Date "2011.12.20"]
[Round "-"]
[White "John Galvin"]
[Black "NYNH"]
[Result "1-0"]
[WhiteCountry "USA"]
[BlackCountry "USA"]
[WhiteElo "2250"]
[WhiteRD "62"]
[BlackElo "2043"]
[BlackRD "63"]
[GameID "299498"]

1. e4 c5 2. c3 d5 3. exd5 Qxd5 4. d4 g6 5. Nf3 Bg7 6. Na3 Nf6 7. Nb5 Na6 8. Be3 cxd4 9. cxd4 O-O 10. Nc3 Qa5
11. Bc4 Bf5 12. O-O Rac8 13. Bb3 Rfd8 14. Ne5 e6 15. g4 Qxe5 16. dxe5 Rxd1 17. exf6 Rxa1 18. Rxa1 Bxf6 19. gxf5 exf5 20. Bxa7 Bxc3
21. bxc3 Rxc3 22. Rb1 Nc7 23. Bd4 Rc6 24. Bd1 b5 25. a4 Rc4 26. Be5 b4 27. a5 Nd5 28. a6 Nb6 29. a7 Re4 30. Bd6 Re1+
31. Kg2 Na8 32. Bxb4 Re6 33. Bb3 Ra6 34. Bc5 Nc7 35. Bc4 Ra4 36. Rb4 Ra1 37. Bd4
1-0

[Event "Merry Christmas 2011"]
[Site "SchemingMind.com"]
[Date "2011.12.20"]
[Round "-"]
[White "otsenrechess"]
[Black "NYNH"]
[Result "0-1"]
[WhiteCountry "HUN"]
[BlackCountry "USA"]
[WhiteElo "1823"]
[WhiteRD "45"]
[BlackElo "2066"]
[BlackRD "66"]
[GameID "299500"]

1. Nf3 e6 2. g3 b6 3. Bg2 Bb7 4. O-O Nf6 5. b3 Be7 6. Bb2 O-O 7. c4 c5 8. d4 d6 9. Nc3 cxd4 10. Qxd4 Nbd7
11. e4 a6 12. Rfd1 Qc7 13. Qe3 Rfe8 14. Nd4 g6 15. Rac1 Rac8 16. h3 Bf8 17. Nde2 Qb8 18. g4 Qa8 19. g5 Nh5 20. Bf3 Ng7
21. Ng3 e5 22. Nd5 Bxd5 23. cxd5 Rxc1 24. Rxc1 Rc8 25. Bg4 Rxc1+ 26. Bxc1 Nc5 27. Qc3 Qb7
0-1

[Event "Merry Christmas 2011"]
[Site "SchemingMind.com"]
[Date "2011.12.20"]
[Round "-"]
[White "otsenrechess"]
[Black "John Galvin"]
[Result "1/2-1/2"]
[WhiteCountry "HUN"]
[BlackCountry "USA"]
[WhiteElo "2136"]
[WhiteRD "52"]
[BlackElo "2250"]
[BlackRD "62"]
[GameID "299501"]

1. e4 c5 2. Nf3 e6 3. c3 Nf6 4. e5 Nd5 5. d4 cxd4 6. cxd4 d6 7. Bc4 Nc6 8. O-O Be7 9. Qe2 O-O 10. Qe4 Qc7
11. exd6 Bxd6 12. Nc3 Nxc3 13. bxc3 Ne7 14. Bd3 Ng6 15. g3 b6 16. Qxa8 Bb7 17. Qxa7 Ra8 18. Qxa8+ Bxa8 19. Be2 Qxc3 20. Be3 Qa5
21. Rfb1 Bb4 22. Rc1 Bf8 23. Rc8 f6 24. Rac1 Ne7 25. Bd2 Qa4 26. Rd8 Kf7=
1/2-1/2

[Event "Merry Christmas 2011"]
[Site "SchemingMind.com"]
[Date "2011.12.20"]
[Round "-"]
[White "NYNH"]
[Black "otsenrechess"]
[Result "1/2-1/2"]
[WhiteCountry "USA"]
[BlackCountry "HUN"]
[WhiteElo "2066"]
[WhiteRD "66"]
[BlackElo "1823"]
[BlackRD "45"]
[GameID "299503"]

1. d4 d5 2. c4 e6 3. Nf3 c5 4. cxd5 exd5 5. Nc3 Nc6 6. g3 Nf6 7. Bg2 Be7 8. O-O O-O 9. Bg5 cxd4 10. Nxd4 h6
11. Be3 Re8 12. Rc1 Bf8 13. Nxc6 bxc6 14. Na4 Qa5 15. Rxc6 Bd7 16. Bd2 Bb4 17. Rc5 Qxa4 18. Qxa4 Bxa4 19. Bxb4 Rxe2 20. Ra5 Bc6
21. b3 Rc2 22. Rc5 Rxc5 23. Bxc5 Rc8 24. Bxa7 Ra8 25. Bd4 Rxa2 26. Bxf6 gxf6 27. Rc1 Bb7 28. Rd1=
1/2-1/2

[Event "Merry Christmas 2011"]
[Site "SchemingMind.com"]
[Date "2011.12.20"]
[Round "-"]
[White "John Galvin"]
[Black "otsenrechess"]
[Result "1-0"]
[WhiteCountry "USA"]
[BlackCountry "HUN"]
[WhiteElo "2311"]
[WhiteRD "57"]
[BlackElo "1823"]
[BlackRD "45"]
[GameID "299504"]

1. e4 d5 2. exd5 Qxd5 3. Nc3 Qd6 4. d4 Nf6 5. Nf3 a6 6. g3 Nc6 7. Bf4 Qd8 8. Bg2 e6 9. O-O Be7 10. Ne2 O-O
11. c4 Bd7 12. Nc3 Bd6 13. Ne5 h6 14. Re1 Be8 15. Qd2 Nh5 16. Be3 f5 17. Nxc6 bxc6 18. f4 Nf6 19. a3 Ng4 20. Bf3 h5
21. Rad1 Rb8 22. b4 h4 23. Bxg4 fxg4 24. Ne4 Bg6 25. Ng5 Qd7 26. d5 cxd5 27. cxd5 hxg3 28. hxg3 e5 29. Ne6 Rf5 30. fxe5 Bxe5
31. Bf4 Bxf4 32. Nxf4 Bf7 33. Qc3=
1-0

[Event "Merry Christmas 2011"]
[Site "SchemingMind.com"]
[Date "2011.12.25"]
[Round "-"]
[White "joopsim"]
[Black "ramesse"]
[Result "1-0"]
[WhiteCountry "NED"]
[BlackCountry "SVK"]
[WhiteElo "2507"]
[WhiteRD "76"]
[BlackElo "2305"]
[BlackRD "61"]
[GameID "299743"]

1. e4 e5 2. Bb5 c6 3. Ba4 Nf6 4. Qe2 Bc5 5. c3 O-O 6. Nf3 d5 7. d3 Bg4 8. Bc2 Nbd7 9. O-O a5 10. Nbd2 Qc7
11. h3 Bh5 12. Re1 Rfd8 13. a4 h6 14. Nf1 Bg6 15. Nh4 Bh7 16. Ng3 Re8 17. Nhf5 Rad8 18. Kh1 Bg6 19. Rf1 Bf8 20. Qf3 b6
21. Be3 Re6 22. Rad1 Nc5 23. h4 b5 24. exd5 Nxd5 25. Bxc5 Bxc5 26. axb5 cxb5 27. Bb3 Qd7 28. d4 exd4 29. Nxd4 Re5 30. h5 Bh7
31. Nde2 a4 32. Ba2 Bf5 33. Bxd5 Rxd5 34. Rxd5 Qxd5 35. Qxf5 Qxf5 36. Nxf5 Rd2 37. Nf4 Kh7 38. Ng3 Bb6 39. Rb1 Rxf2 40. Nfe2 Bc7
41. Rf1 Bxg3 42. Nxg3 Rxb2 43. Rxf7 a3 44. Ne4 Kh8 45. Ra7 a2 46. Kh2
1-0

[Event "Merry Christmas 2011"]
[Site "SchemingMind.com"]
[Date "2011.12.25"]
[Round "-"]
[White "joopsim"]
[Black "otsenrechess"]
[Result "1-0"]
[WhiteCountry "NED"]
[BlackCountry "HUN"]
[WhiteElo "2507"]
[WhiteRD "76"]
[BlackElo "2136"]
[BlackRD "52"]
[GameID "299744"]

1. e4 c5 2. Nf3 Nc6 3. d4 cxd4 4. Nxd4 Nf6 5. Nc3 e5 6. Ndb5 d6 7. Bg5 a6 8. Bxf6 gxf6 9. Na3 b5 10. Nd5 f5
11. Bd3 Be6 12. c3 Bg7 13. Nxb5 axb5 14. Bxb5 Bd7 15. exf5 O-O 16. O-O e4 17. a4 Re8 18. Qg4 Kh8 19. Rad1 Rc8 20. Rfe1 Re5
21. Ne3 Bf8 22. Nc4 Rxf5 23. Nxd6 Bxd6 24. Rxd6
1-0

[Event "Merry Christmas 2011"]
[Site "SchemingMind.com"]
[Date "2011.12.25"]
[Round "-"]
[White "joopsim"]
[Black "NYNH"]
[Result "1-0"]
[WhiteCountry "NED"]
[BlackCountry "USA"]
[WhiteElo "2507"]
[WhiteRD "76"]
[BlackElo "2043"]
[BlackRD "63"]
[GameID "299745"]

1. e4 e6 2. d4 d5 3. Nc3 Nf6 4. Bg5 Be7 5. e5 Nfd7 6. h4 Bxg5 7. hxg5 Qxg5 8. Nh3 Qe7 9. Qg4 g6 10. O-O-O Nc6
11. Ng5 Nf8 12. Rh6 Bd7 13. Qf4 a6 14. Kb1 Na7 15. Be2 Nb5 16. Rd3 f5 17. exf6 Qd6 18. f7+ Ke7 19. Qh4 Qb6 20. Nge4+ Kxf7
21. Rf3+ Kg8 22. Qf6
1-0

[Event "Merry Christmas 2011"]
[Site "SchemingMind.com"]
[Date "2011.12.25"]
[Round "-"]
[White "joopsim"]
[Black "John Galvin"]
[Result "1/2-1/2"]
[WhiteCountry "NED"]
[BlackCountry "USA"]
[WhiteElo "2507"]
[WhiteRD "76"]
[BlackElo "2250"]
[BlackRD "62"]
[GameID "299746"]

1. e4 c5 2. Nf3 e6 3. d4 cxd4 4. Nxd4 Nc6 5. Nxc6 bxc6 6. Bd3 Nf6 7. O-O d6 8. Nd2 Be7 9. b3 O-O 10. Bb2 e5
11. Nc4 Be6 12. Ne3 Qc7 13. c4 a5 14. Rc1 Rfd8 15. Nd5 Qa7 16. Nxe7+ Qxe7 17. Bc3 a4 18. Re1 axb3 19. axb3 Bg4 20. Qd2 Nh5
21. f3 Be6 22. Ra1 Nf4 23. Bf1 f6 24. Ba5 Rd7 25. b4 Qf7 26. Rec1 Rb8 27. Qf2 Rdb7 28. g3 Qg6 29. c5 d5 30. Kh1 Nh5
31. b5 Rxb5 32. Bxb5 Rxb5 33. Be1 Rb8 34. Ra6 Rc8 35. Rca1 h6 36. Ra8 Rxa8 37. Rxa8+ Kh7 38. Qe2 d4 39. Ra4=
1/2-1/2

[Event "Merry Christmas 2011"]
[Site "SchemingMind.com"]
[Date "2011.12.25"]
[Round "-"]
[White "ramesse"]
[Black "joopsim"]
[Result "0-1"]
[WhiteCountry "SVK"]
[BlackCountry "NED"]
[WhiteElo "2305"]
[WhiteRD "61"]
[BlackElo "2507"]
[BlackRD "76"]
[GameID "299747"]

1. e4 Nc6 2. Nf3 Nf6 3. e5 Ng4 4. d4 d6 5. h3 Nh6 6. Nc3 a6 7. exd6 cxd6 8. Be2 g6 9. g4 d5 10. Bf4 f6
11. Qd2 Nf7 12. O-O-O Bg7 13. Kb1 O-O 14. Qc1 b5 15. Be3 Rb8 16. Rhe1 e6 17. h4 Nd6 18. Rh1 Re8 19. g5 b4 20. Na4 fxg5
21. hxg5 Rb7 22. Rh2 Nf5 23. Qd2 Rf7 24. Rdh1 e5 25. Rxh7 exd4 26. Bf4 Nd6 27. Bd3 Ne4 28. Qc1 Bg4 29. Ne1 Ref8 30. Bg3 a5
31. R7h2 Ne5 32. Bxe5 Bxe5 33. Rh4 Nxf2 34. Bxg6 Re7
0-1

[Event "Merry Christmas 2011"]
[Site "SchemingMind.com"]
[Date "2011.12.25"]
[Round "-"]
[White "otsenrechess"]
[Black "joopsim"]
[Result "0-1"]
[WhiteCountry "HUN"]
[BlackCountry "NED"]
[WhiteElo "1823"]
[WhiteRD "45"]
[BlackElo "2543"]
[BlackRD "73"]
[GameID "299748"]

1. e4 Nc6 2. Nf3 Nf6 3. e5 Ng4 4. d4 d6 5. h3 Nh6 6. Nc3 a6 7. g4 e6 8. Qe2 d5 9. a3 Ng8 10. Be3 Na5
11. O-O-O Nc4 12. Kb1 b5 13. Bg5 Be7 14. h4 c5 15. dxc5 Qc7 16. c6 Qxc6 17. Qe1 Bd7 18. Ne2 Bc5 19. Ned4 Qb6 20. Rh2 h6
21. Bc1 a5 22. Nb3 Be7 23. Rh3 Rb8 24. Qc3 Qc7 25. Bxc4 b4 26. axb4 axb4 27. Qd4 dxc4 28. Nbd2 Bb5 29. Qe4 Ba6 30. Nd4 Bc5
31. Nxe6 fxe6 32. Nxc4 Bb7 33. Qg6+ Qf7 34. Qd3 Bd5
0-1

[Event "Merry Christmas 2011"]
[Site "SchemingMind.com"]
[Date "2011.12.25"]
[Round "-"]
[White "NYNH"]
[Black "joopsim"]
[Result "0-1"]
[WhiteCountry "USA"]
[BlackCountry "NED"]
[WhiteElo "2043"]
[WhiteRD "63"]
[BlackElo "2507"]
[BlackRD "76"]
[GameID "299749"]

1. d4 Nf6 2. c4 Nc6 3. Nf3 e6 4. Nc3 Bb4 5. Qc2 d6 6. a3 Bxc3+ 7. Qxc3 a5 8. b3 O-O 9. Bb2 Re8 10. Rd1 Qe7
11. d5 Nb8 12. dxe6 fxe6 13. g3 b6 14. Bg2 Bb7 15. O-O Nbd7 16. b4 axb4 17. axb4 c5 18. bxc5 bxc5 19. e3 Be4 20. Nh4 Bxg2
21. Nxg2 Ne5 22. f4 Nf7 23. Qc2 e5 24. f5 Qb7 25. Rfe1 Ra2 26. Re2 Ng5 27. Qc1 Qf3 28. Rf2 Nh3+
0-1

[Event "Merry Christmas 2011"]
[Site "SchemingMind.com"]
[Date "2011.12.25"]
[Round "-"]
[White "John Galvin"]
[Black "joopsim"]
[Result "0-1"]
[WhiteCountry "USA"]
[BlackCountry "NED"]
[WhiteElo "2250"]
[WhiteRD "62"]
[BlackElo "2507"]
[BlackRD "76"]
[GameID "299750"]

1. e4 Nc6 2. Nf3 Nf6 3. e5 Ng4 4. d4 d6 5. h3 Nh6 6. Bb5 a6 7. Bxc6+ bxc6 8. O-O e6 9. Bxh6 gxh6 10. c4 c5
11. dxc5 dxe5 12. Qe2 Bb7 13. Nxe5 Bxc5 14. Nxf7 Qf6 15. Nxh8 O-O-O 16. Re1 Rf8 17. Kh1 Bxg2+ 18. Kxg2 Qh4 19. Qxe6+ Kb8 20. Qe8+ Rxe8
21. Rxe8+ Ka7 22. Re2 Qg5+ 23. Kh2 Bd6+ 24. Kh1 Qh5 25. Re3 Bc5
0-1

[Event "Merry Christmas 2011"]
[Site "SchemingMind.com"]
[Date "2011.12.28"]
[Round "-"]
[White "e_safarz"]
[Black "joopsim"]
[Result "1/2-1/2"]
[WhiteCountry "CAN"]
[BlackCountry "NED"]
[WhiteElo "2390"]
[WhiteRD "63"]
[BlackElo "2507"]
[BlackRD "76"]
[GameID "299938"]

1. e4 Nc6 2. Nf3 Nf6 3. e5 Ng4 4. d4 d6 5. h3 Nh6 6. Bb5 a6 7. Bxc6+ bxc6 8. Nc3 e6 9. Bxh6 gxh6 10. Qd2 Bg7
11. O-O-O O-O 12. Ne4 f6 13. exf6 Bxf6 14. Qxh6 Bg7 15. Qe3 Rb8 16. b3 a5 17. c3 a4 18. b4 Qe7 19. Rhe1 a3 20. Rd2 Qf7
21. h4 h6 22. Ng3 Rb5 23. Qd3 e5 24. dxe5 Rd5 25. Qc2 dxe5 26. Ne4 Bf5 27. Qb3 Kh8 28. c4 Rdd8 29. Rxd8 Rxd8 30. g3 Bxe4
31. Rxe4 Rf8 32. Re3 Qf5 33. c5 h5 34. Qc2 e4 35. Ng5 Qxf2 36. Qxf2 Rxf2 37. Rxe4 Bf6 38. Re6 Bxg5+=
1/2-1/2

[Event "Merry Christmas 2011"]
[Site "SchemingMind.com"]
[Date "2011.12.28"]
[Round "-"]
[White "e_safarz"]
[Black "ramesse"]
[Result "1-0"]
[WhiteCountry "CAN"]
[BlackCountry "SVK"]
[WhiteElo "2390"]
[WhiteRD "63"]
[BlackElo "2305"]
[BlackRD "61"]
[GameID "299939"]

1. c4 e5 2. g3 Nf6 3. Bg2 d5 4. cxd5 Nxd5 5. Nc3 Nb6 6. d3 Be7 7. Be3 O-O 8. Rc1 Re8 9. Nf3 Nc6 10. O-O Be6
11. a3 Nd5 12. Ne4 Nxe3 13. fxe3 f6 14. Qc2 a5 15. Nfd2 Bf7 16. Nc5 Bxc5 17. Qxc5 Ra6 18. b3 Qd7 19. Ne4 Qd8 20. Qc3 Rb6
21. Nc5 Bd5 22. Nxb7 Rxb7 23. Bxd5+ Qxd5 24. Qxc6 Qxc6 25. Rxc6 e4 26. d4 Rxb3 27. Kf2 Rxa3 28. Rxc7 Kf8 29. Ra7 Re7 30. Ra8+ Kf7
31. Rb1 g6 32. g4 Rc7 33. Rb6 a4 34. Raa6 g5 35. Rxf6+ Kg7 36. Rf5 Rf7 37. Rxf7+ Kxf7 38. Rh6 Rc3 39. Rxh7+ Kg6 40. Ra7 a3
41. Ra6+ Kf7 42. Ra5 Kf6 43. d5 Ke7 44. d6+ Kxd6 45. Rxg5
1-0

[Event "Merry Christmas 2011"]
[Site "SchemingMind.com"]
[Date "2012.01.02"]
[Round "-"]
[White "e_safarz"]
[Black "otsenrechess"]
[Result "1-0"]
[WhiteCountry "CAN"]
[BlackCountry "HUN"]
[WhiteElo "2425"]
[WhiteRD "64"]
[BlackElo "1823"]
[BlackRD "45"]
[GameID "299940"]

1. c4 c5 2. g3 e6 3. Bg2 Nf6 4. e4 Nc6 5. Nc3 d5 6. exd5 exd5 7. cxd5 Nb4 8. d3 Be7 9. Nge2 O-O 10. O-O Nfxd5
11. Nxd5 Nxd5 12. Nf4 Nxf4 13. Bxf4 Bd6 14. Be3 Be6 15. d4 Qe7 16. Rc1 Rac8 17. d5 Bf5 18. Re1 Rfe8 19. Qd2 Qc7 20. Bf1 a5
21. Bb5 Re5 22. a3 Qb6 23. Bc4 Qc7 24. Qc3 Bd7 25. Qd3
1-0

[Event "Merry Christmas 2011"]
[Site "SchemingMind.com"]
[Date "2011.12.29"]
[Round "-"]
[White "e_safarz"]
[Black "NYNH"]
[Result "1-0"]
[WhiteCountry "CAN"]
[BlackCountry "USA"]
[WhiteElo "2390"]
[WhiteRD "63"]
[BlackElo "2043"]
[BlackRD "63"]
[GameID "299941"]

1. d4 e6 2. c4 Nf6 3. Nf3 b6 4. g3 Bb7 5. Bg2 Be7 6. Nc3 O-O 7. O-O Ne4 8. Qc2 Nxc3 9. Qxc3 Bf6 10. Qc2 Nc6
11. Rd1 d5 12. Bf4 Qe7 13. cxd5 exd5 14. Rac1 Rfe8 15. e3 Rac8 16. Qa4 g5 17. Bxg5 Bxg5 18. Rxc6 Bxc6 19. Qxc6 Red8 20. Rc1 Bf6
21. Bh3 Rb8 22. Qxc7 Qxc7 23. Rxc7 a5 24. Bg4 b5 25. Ne1 b4 26. Nd3 Re8 27. Nf4 Red8 28. Bh5 Rbc8 29. Bxf7+ Kh8 30. Ra7 Ra8
31. Rxa8 Rxa8 32. Be6 Ra6 33. Bxd5 Ra7 34. Bc4 a4 35. Nd5 Be7 36. f4 Kg7 37. Kf2 Kf8 38. e4 Ra8 39. Ke3 Rc8 40. Kd3 h5
41. Nxe7 Kxe7 42. e5 b3 43. axb3 axb3 44. f5 h4 45. f6+ Kf8 46. e6 h3 47. e7+ Ke8 48. Bb5+ Kf7 49. e8=Q+ Rxe8 50. Bxe8+ Kxe8
51. g4 Kf7 52. g5
1-0

[Event "Merry Christmas 2011"]
[Site "SchemingMind.com"]
[Date "2011.12.28"]
[Round "-"]
[White "e_safarz"]
[Black "John Galvin"]
[Result "1/2-1/2"]
[WhiteCountry "CAN"]
[BlackCountry "USA"]
[WhiteElo "2390"]
[WhiteRD "63"]
[BlackElo "2250"]
[BlackRD "62"]
[GameID "299942"]

1. d4 Nf6 2. Nf3 g6 3. c4 Bg7 4. Nc3 d5 5. cxd5 Nxd5 6. e4 Nxc3 7. bxc3 c5 8. Rb1 O-O 9. Be2 Nc6 10. d5 Bxc3+
11. Bd2 Bxd2+ 12. Qxd2 Na5 13. h4 Bg4 14. h5 Bxf3 15. gxf3 e5 16. hxg6 fxg6 17. d6 b6 18. Qd5+ Kg7 19. Qxe5+ Qf6 20. Qh2 h5
21. Qg3 Nc6 22. Rd1 h4 23. Rxh4 Rh8 24. Rxh8 Rxh8 25. f4 Rh1+ 26. Bf1 Nd4 27. e5 Qf5 28. Qg2 Rg1 29. Qb7+ Kf8 30. Qe7+ Kg8
31. Rxd4 cxd4 32. d7 Qe4+ 33. Kd2 Qxf4+ 34. Kd3 Qf3+ 35. Kc4 Qc6+ 36. Kb3 Qc3+=
1/2-1/2

[Event "Merry Christmas 2011"]
[Site "SchemingMind.com"]
[Date "2011.12.28"]
[Round "-"]
[White "joopsim"]
[Black "e_safarz"]
[Result "1/2-1/2"]
[WhiteCountry "NED"]
[BlackCountry "CAN"]
[WhiteElo "2507"]
[WhiteRD "76"]
[BlackElo "2390"]
[BlackRD "63"]
[GameID "299943"]

1. e4 e5 2. Nf3 Nc6 3. Bb5 Nf6 4. O-O Nxe4 5. d4 Nd6 6. Bxc6 dxc6 7. dxe5 Nf5 8. Qxd8+ Kxd8 9. h3 Ne7 10. Nc3 Ng6
11. Bg5+ Ke8 12. Rad1 Bd7 13. Rd2 Be6 14. Rfd1 Be7 15. Be3 Bb4 16. Nd4 Nxe5 17. Nxe6 fxe6 18. Rd4 Bd6 19. f4 Nf7 20. Re4 Kd7
21. Na4 b6 22. c4 c5 23. b4 Kc6 24. bxc5 bxc5 25. Re1 Rhe8 26. Bc1 e5 27. Nb2 Kd7 28. f5 Rab8 29. Nd3 Rb1 30. Bd2 Rxe1+
31. Bxe1 Rb8 32. Bc3 g6 33. fxg6 hxg6 34. Bxe5 Rb1+ 35. Kf2 Rd1 36. Bxd6 cxd6 37. Rf4 Ke6 38. Ke3 Ra1 39. Rf2 Ne5 40. Nxe5 dxe5
41. Rb2=
1/2-1/2

[Event "Merry Christmas 2011"]
[Site "SchemingMind.com"]
[Date "2011.12.28"]
[Round "-"]
[White "ramesse"]
[Black "e_safarz"]
[Result "1-0"]
[WhiteCountry "SVK"]
[BlackCountry "CAN"]
[WhiteElo "2305"]
[WhiteRD "61"]
[BlackElo "2390"]
[BlackRD "63"]
[GameID "299944"]

1. e4 c6 2. d4 d5 3. e5 Bf5 4. Nf3 e6 5. Be2 Nd7 6. O-O Ne7 7. Nh4 Bg6 8. Nd2 c5 9. c3 Nf5 10. Nxg6 hxg6
11. Nf3 Be7 12. a4 cxd4 13. cxd4 Nb8 14. Bb5+ Kf8 15. Be3 a6 16. Be2 Nc6 17. Qd3 Qb6 18. Rfc1 Kg8 19. h3 Rd8 20. Rc2 Kh7
21. Rac1 Rhe8 22. Rc3 Rb8 23. Rb3 Qa5 24. Ra1 Nxe3 25. Qxe3 Rec8 26. h4 Kg8 27. Qf4 b5 28. Ng5 Rf8 29. Bg4 Rb7 30. Rc3 Qb6
31. axb5 axb5 32. Rd1 Ra7 33. h5 Nxd4 34. hxg6 Ne2+ 35. Bxe2 fxg6 36. Qxf8+ Bxf8 37. Bg4 Re7 38. Rc8 Rf7 39. Rf1 Re7 40. Rfc1 Rf7
41. Nxf7 Kxf7 42. R1c6 Qa5 43. Bxe6+ Ke7 44. Kh2 d4 45. Bg4
1-0

[Event "Merry Christmas 2011"]
[Site "SchemingMind.com"]
[Date "2012.01.02"]
[Round "-"]
[White "otsenrechess"]
[Black "e_safarz"]
[Result "0-1"]
[WhiteCountry "HUN"]
[BlackCountry "CAN"]
[WhiteElo "1823"]
[WhiteRD "45"]
[BlackElo "2425"]
[BlackRD "64"]
[GameID "299945"]

1. d4 Nf6 2. c4 e6 3. Nc3 Bb4 4. f3 d5 5. a3 Bxc3+ 6. bxc3 c5 7. cxd5 Nxd5 8. dxc5 Qa5 9. e4 Nf6 10. Be3 O-O
11. Qb3 Nfd7 12. Qb4 Qc7 13. Rd1 Nc6 14. Qa4 Nce5 15. Qd4 Nc6 16. Qa4 Na5 17. Bb5 Nxc5 18. Bxc5 Qxc5 19. Qxa5 a6 20. Ne2 b6
21. Qa4 Qxb5 22. Qb4 Bd7 23. Rd6 Rfb8 24. Kf2 Be8
0-1

[Event "Merry Christmas 2011"]
[Site "SchemingMind.com"]
[Date "2011.12.29"]
[Round "-"]
[White "NYNH"]
[Black "e_safarz"]
[Result "0-1"]
[WhiteCountry "USA"]
[BlackCountry "CAN"]
[WhiteElo "2043"]
[WhiteRD "63"]
[BlackElo "2390"]
[BlackRD "63"]
[GameID "299946"]

1. d4 Nf6 2. c4 e6 3. g3 d5 4. Nf3 dxc4 5. Bg2 a6 6. O-O Nc6 7. Nc3 Be7 8. Qa4 O-O 9. Qxc4 Rb8 10. e4 b5
11. Qd3 Bb7 12. Bf4 Na5 13. Rfe1 Nh5 14. Bc1 c5 15. d5 b4 16. Na4 Bc6 17. b3 exd5 18. exd5 Bxa4 19. bxa4 c4 20. Qe2 Re8
21. Nd4 Bc5 22. Qxe8+ Qxe8 23. Rxe8+ Rxe8 24. Be3 Nf6 25. Nc6 Bxe3 26. Nxa5 Ba7 27. Nxc4 Re2 28. Ne3 Rd2 29. a5 Kf8 30. Rc1 Bxe3
31. fxe3 Nxd5 32. Rc6 Nxe3 33. Be4 Rxa2 34. Rxa6 f5 35. Bd3 Rg2+ 36. Kh1 Rd2 37. Ra8+ Kf7 38. Ra7+ Kf6 39. Ra6+ Ke5
0-1

[Event "Merry Christmas 2011"]
[Site "SchemingMind.com"]
[Date "2011.12.28"]
[Round "-"]
[White "John Galvin"]
[Black "e_safarz"]
[Result "1/2-1/2"]
[WhiteCountry "USA"]
[BlackCountry "CAN"]
[WhiteElo "2250"]
[WhiteRD "62"]
[BlackElo "2390"]
[BlackRD "63"]
[GameID "299947"]

1. e4 e5 2. Nf3 Nc6 3. Nc3 Nf6 4. Bb5 Bb4 5. O-O O-O 6. d3 d6 7. Bg5 Bxc3 8. bxc3 Qe7 9. Re1 Nd8 10. d4 Ne6
11. Bd2 c6 12. Bd3 Qc7 13. Ng5 Re8 14. Nxe6 Bxe6 15. a4 b6 16. Qe2 Rab8 17. f3 c5 18. d5 Bd7 19. c4 a5 20. Qf2 Qd8
21. Qh4 Qe7 22. g3 h6 23. Kg2 Bc8 24. h3 Kf8 25. Rf1 Ba6 26. Rab1 Nd7 27. Qxe7+ Kxe7 28. f4 Kd8 29. Bc3 Re7 30. Rb2= Kc7
31. h4 Bc8 32. Rb3 Ba6 33. Rb2 Bc8=
1/2-1/2